La obra pictórica completa de Velázquez / (Registro nro. 11565)
[ vista simple ]
| 000 -LIDER | |
|---|---|
| fixed length control field | 00906nam a22002537a 4500 |
| 003 - IDENTIFICACDOR DE NÚMERO DE CONTROL | |
| control field | DO-SdBPM |
| 005 - DATE AND TIME OF LATEST TRANSACTION | |
| control field | 20241204125247.0 |
| 008 - ELEMENTOS DE LONGITUD FIJA | |
| fixed length control field | 161013b1973 sp 00| 0 spa d |
| 040 ## - FUENTE DE CATALOGACIÓN | |
| Agencia que crea de manera original el registro | DO-SdBPM |
| Idioma de catalogación | spa |
| Agencia que realiza la transcripción | BPMSU |
| 082 #4 - NÚMERO DE CLASIFICACIÓN DECIMAL DE DEWEY | |
| Classification number | 759.6 |
| Item number | V434o 1973 |
| Edition number | 22 |
| 100 1# - ASIENTO PRINCIPAL -- NOMBRE PERSONAL | |
| Nombre personal | Velázquez, Diego Rodríguez de Silva y, |
| Fechas asociadas con el nombre | 1599-1660. |
| 245 13 - MENCIÓN DE TITULO | |
| Título | La obra pictórica completa de Velázquez / |
| Mención de responsabilidad | introducción Miguel Angel Asturias ; traducción Francisco J. Alcántara |
| 250 ## - MENCIÓN DE EDICION | |
| Mención de edición | 3a ed. |
| 260 ## - PUBLICACIÓN, DISTRIBUCIÓN, ETC. (PIE DE IMPRENTA) | |
| Lugar de publicación, distribución, etc | Barcelona, España : |
| Nombre del editor, distribuidor, etc. | Editorial Rizzoli, |
| Fecha de publicación, distribución, etc | 1973. |
| 300 ## - DESCRIPCIÓN FÍSICA | |
| Extensión | 120 p. : |
| Otros detalles físicos | il., ; |
| Dimensiones | 32 cm. |
| 490 0# - MENCIÓN DE SERIES | |
| Mención de serie | Clásicos del arte, |
| Volume/sequential designation | 13 |
| 590 ## - NOTA LOCAL | |
| Texto de la nota local | Inventariado, 2024/VM |
| 650 #4 - ENCABEZAMIENTO DE MATERIA--TEMÁTICO | |
| Término temático o nombre geográfico como elemento de entrada | Pintura española. |
| 700 1# - ASIENTO SECUNDARIO -- NOMBRE PERSONAL | |
| Nombre personal | Asturias, Miguel Angel, |
| Mención de responsabilidad | introducción |
| 700 1# - ASIENTO SECUNDARIO -- NOMBRE PERSONAL | |
| Nombre personal | Alcántara, Francisco J., |
| Mención de responsabilidad | traductor |
| 700 1# - ASIENTO SECUNDARIO -- NOMBRE PERSONAL | |
| Nombre personal | Bardi, P. M. |
| Mención de responsabilidad | estudios críticos |
| 910 ## - VALIDACIÓN | |
| Validación | VMateo V. Control de calidad. BPMSU |
| 942 ## - ADDED ENTRY ELEMENTS (KOHA) | |
| Source of classification or shelving scheme | Dewey Decimal Classification |
| Koha item type | Libros |
| Withdrawn status | Lost status | Source of classification or shelving scheme | Damaged status | Not for loan | Collection code | Home library | Current library | Date acquired | Source of acquisition | Total Checkouts | Full call number | Barcode | Date last seen | Price effective from | Koha item type |
|---|---|---|---|---|---|---|---|---|---|---|---|---|---|---|---|
| Dewey Decimal Classification | Colección General | Biblioteca Pública Metropolitana Salomé Ureña | Biblioteca Pública Metropolitana Salomé Ureña | 10/13/2016 | FUNDI | BPMSU CG 759.6 V434o 1973 | BPMSU16100169 | 10/13/2016 | 10/13/2016 | Libros |